| 000 | 00849cam a22002651 4500 | ||
|---|---|---|---|
| 001 | sa 65004369 | ||
| 003 | DLC | ||
| 005 | 20260227112130.0 | ||
| 008 | 840607s1964 ii b 000 0 hino | ||
| 010 | _asa 65004369 | ||
| 025 | _aPL480:I-H-1759 | ||
| 035 | _a(OCoLC)21658107 | ||
| 040 |
_aDLC _cCU _dDLC |
||
| 050 | 0 | 0 |
_aPK2095.A63 _bK5 1964 |
| 100 | 0 |
_aAmīr Khusraw Dihlavī, _dapproximately 1253-1325. |
|
| 245 | 1 | 0 |
_aKhālika bārī. _cSampādaka Śrīrāma Śarmā. |
| 250 | _a[Prathama saṃskaraṇa] | ||
| 260 |
_aVārāṇasī, _bNāgarīpracāriṇī Sabhā _c[1964] |
||
| 300 |
_a2, 2, 116 p. _c22 cm. |
||
| 490 | 1 |
_aNāgarīpracāriṇī granthamālā ; _v57 |
|
| 500 | _aCover title: Amīra Khusaro kr̥ta Khālikabārī. | ||
| 500 | _aIn Hindi. | ||
| 504 | _aBibliographical footnotes. | ||
| 700 | 1 |
_aSharma, Shri Ram, _d1920- |
|
| 999 |
_c63707 _d63707 |
||